000 00846nam a2200241 b 4500
003 OSt
005 20140822213003.0
008 090113s2010 mex ||| ||spa c
020 _a978-607-15-0305-3
040 _aBR-MU
_cBMC
082 _a612
100 1 _98074
_aGanong, William F.
_d1924-2007
245 1 0 _aFisiología médica
_cGanong ; [editores, Kim E. Barrett ... (et al.) ; traducción, Martha Elena Araiza Martínez ... (et al.)]
250 _a23ª ed
260 _aMéxico, D.F. [etc.]
_bMcGraw-HIll
_c2010
300 _aX, 714 p.
_bil., gráf.
_c29 cm
594 _1Precede al tít.: A Lange medical book
594 _1Traducción de: Ganong's review of a medical physiology, 23rd ed.
650 2 4 _aFisiología humana
_9580
700 1 _98046
_aBarrett, Kim E.
700 1 _97985
_aAraiza Martínez, Martha Elena
942 _2ddc
_cBK
999 _c3493
_d3493